[Event "Zuoz Engiadina op 25th"]
[Site "Zuoz"]
[Date "2018.10.11"]
[Round "6"]
[White "Reichmuth, Vincenz"]
[Black "Albicker, Laurenz"]
[Result "1/2-1/2"]
[WhiteElo "1696"]
[BlackElo "1493"]
[PlyCount "48"]
[EventDate "2018.10.06"]
[EventType "swiss"]
[EventRounds "7"]
[EventCountry "SUI"]
[SourceTitle "CBM 186 Extra"]
[Source "ChessBase"]
[SourceDate "2018.08.24"]
[SourceVersion "1"]
[SourceVersionDate "2018.08.24"]
[SourceQuality "1"]

1. e4 Nf6 2. e5 Nd5 3. Bc4 c6 4. Bxd5 cxd5 5. d4 d6 6. h3 dxe5 7. dxe5 e6 8. Nf3 Bb4+ 9. c3 Bc5 10. 0-0 0-0 11. Nbd2 Nd7 12. Nb3 Bb6 13. Re1 a5 14. Nbd4 Nc5 15. Nd2 Bd7 16. Kh1 Qb8 17. Qe2 Qa7 18. Rf1 Bc6 19. Nxc6 bxc6 20. b3 Nd7 21. Nf3 Bc7 22. Ba3 c5 23. Bb2 Rfb8 24. Rab1 Re8 1/2-1/2

[Event "Zuoz Engiadina op 23rd"]
[Site "Zuoz"]
[Date "2016.10.06"]
[Round "5"]
[White "Scheidegger, Urs"]
[Black "Reichmuth, Vincenz"]
[Result "1-0"]
[WhiteElo "1773"]
[BlackElo "1709"]
[PlyCount "77"]
[EventDate "2016.10.01"]
[EventType "swiss"]
[EventRounds "7"]
[EventCountry "SUI"]
[SourceTitle "EXT 2017"]
[Source "ChessBase"]
[SourceDate "2016.10.25"]
[SourceVersion "1"]
[SourceVersionDate "2016.10.25"]
[SourceQuality "1"]

1. e4 e5 2. Nf3 Nc6 3. d4 exd4 4. c3 d6 5. cxd4 Bg4 6. Be2 Nf6 7. Nc3 Be7 8. 0-0 0-0 9. h3 Bxf3 10. Bxf3 Re8 11. Bf4 Nd7 12. Qd2 Rb8 13. Rac1 Bf6 14. Be3 Ne7 15. Nb5 Nc6 16. d5 Nce5 17. Nxc7 Nxf3+ 18. gxf3 Ne5 19. Kg2 Re7 20. Nb5 b6 21. Nd4 Rc7 22. Rxc7 Qxc7 23. Rc1 Nc4 24. Qc2 Rc8 25. Kh2 Qc5 26. Qd3 Re8 27. Rxc4 Qa5 28. a3 h6 29. b4 Qa6 30. b5 Qb7 31. Nf5 Qd7 32. Rc6 Kf8 33. f4 Be7 34. Qc3 Bf6 35. Qc4 Be7 36. f3 f6 37. Bd2 Kf7 38. Bb4 Rd8 39. Rc7 1-0

[Event "Zuerich op-B 25th"]
[Site "Zuerich"]
[Date "2001.??.??"]
[Round "1"]
[White "Kappeler, Kaspar"]
[Black "Reichmuth, Vincenz"]
[Result "1-0"]
[WhiteElo "1889"]
[BlackElo "1651"]
[PlyCount "21"]
[EventDate "2001.12.26"]
[EventType "swiss"]
[EventRounds "7"]
[EventCountry "SUI"]
[SourceTitle "EXT 2019"]
[Source "ChessBase"]
[SourceDate "2018.10.10"]
[SourceVersion "1"]
[SourceVersionDate "2018.10.10"]
[SourceQuality "1"]

1. d4 d5 2. c4 e5 3. dxe5 d4 4. Nf3 Nc6 5. g3 Bc5 6. Bg2 Nge7 7. 0-0 Be6 8. Nfd2 Qd7 9. Ne4 Bb6 10. c5 f5 11. exf6 1-0